| 000 | 00000nam##2200000za#4500 |
| 001 | 9.643284 |
| 003 | CaOODSP |
| 005 | 20210624224110 |
| 007 | cr ||||||||||| |
| 008 | 150407|1999||||xxc|||||o f|0| 0 fre|d |
| 040 | |aCaOODSP|bfre |
| 043 | |an-cn--- |
| 086 | 1 |aEn84-120/1999F-PDF |
| 110 | 1 |aCanada. |bEnvironnement Canada. |
| 245 | 10|aOptions stratégiques pour la gestion des substances toxiques selon la LCPE provenant du secteur de la préservation du bois. Volume I, : |h[ressource électronique]|bRapport final de la table de concertation |
| 260 | |aOttawa - Ontario : |bEnvironnement Canada |cLe 1er juillet 1999. |
| 300 | |a122p.|bfigure, glossaire, graphiques, références, tableaux |
| 500 | |a« Loi canadienne sur la protection de l'environnement »--Couverture. |
| 590 | |a14-21-Supp|b2014-12-11 |
| 691 | 07|aIndustrie du bois|2gcpds |
| 691 | 07|aProduit toxique|2gcpds |
| 775 | 08|tStrategic options for the management of CEPA-toxic substances from the wood preservation sector. Volume I, : |w(CaOODSP)9.699155 |
| 856 | 40|ahttp://publications.gc.ca|qPDF|s406 Ko|uhttps://publications.gc.ca/collections/collection_2014/ec/En84-120-1999-fra.pdf |